Kazakhstan Regions (2024) (Map) - Statistics

General Stats
  • This quiz has been taken 1,401 times
    437 since last reset
  • The average score is 13 of 20
Answers on the Map
Answers color-coded by a green-red scale on the quiz's map according to % correct below.
 
Answer Stats
Region % Correct
Astana/Nur-Sultan
95%
Almaty
93%
West Kazakhstan
76%
Aktobe/Aqtobe
73%
East Kazakhstan
72%
North Kazakhstan
72%
Atyrau
71%
Shymkent
69%
Karaganda
63%
Kyzylorda
62%
Mañğystau/Mangystau
62%
Pavlodar
62%
Kostanay
59%
Turkistan
58%
Akmola/Aqmola
54%
Jambyl
53%
Almaty City
49%
Abai/Abay
45%
Ulytau
38%
Jetisu
37%
No matching quizzes found
Score Distribution
Percent of People with Each Score
Percentile by Number Answered
Your Score History
You have not taken this quiz since the last reset